[Event "COL Students-ch (Women)"]
[Site "Santa Fe"]
[Date "2023.09.25"]
[Round "5"]
[White "Bedoya Canas, Maria Isabel"]
[Black "Varela Garcia, Maria de los Angele"]
[Result "0-1"]
[WhiteElo "1359"]
[BlackElo "1766"]
[PlyCount "56"]
[EventDate "2023.09.23"]
[EventType "swiss"]
[EventRounds "6"]
[EventCountry "COL"]
[SourceTitle "EXT 2024"]
[Source "ChessBase"]
[SourceDate "2023.10.10"]
[SourceVersion "1"]
[SourceVersionDate "2023.10.10"]
[SourceQuality "1"]

1. e4 c5 2. Nf3 e6 3. d4 cxd4 4. Nxd4 a6 5. Nc3 Qc7 6. Be3 Nf6 7. Qd2 Bb4 8. f3 d5 9. Bd3 e5 10. Nde2 d4 11. Nxd4 exd4 12. Bxd4 Nc6 13. Be3 Ne5 14. 0-0 0-0 15. a3 Bxc3 16. bxc3 Rd8 17. Bf4 Qc5+ 18. Be3 Qc6 19. Bd4 Qe6 20. Qg5 Nc6 21. Bc4 h6 22. Qg3 Nh5 23. Bxe6 Nxg3 24. Bxc8 Ne2+ 25. Kf2 Nexd4 26. cxd4 Raxc8 27. c3 Na5 28. Rac1 Nb3 0-1

[Event "COL Students-ch (Women)"]
[Site "Santa Fe"]
[Date "2023.09.23"]
[Round "2"]
[White "Vargas Siempira, Diana Alejandra"]
[Black "Varela Garcia, Maria de los Angele"]
[Result "1/2-1/2"]
[WhiteElo "1530"]
[BlackElo "1766"]
[PlyCount "70"]
[EventDate "2023.09.23"]
[EventType "swiss"]
[EventRounds "6"]
[EventCountry "COL"]
[SourceTitle "EXT 2024"]
[Source "ChessBase"]
[SourceDate "2023.10.10"]
[SourceVersion "1"]
[SourceVersionDate "2023.10.10"]
[SourceQuality "1"]

1. e4 c5 2. Nf3 e6 3. Nc3 a6 4. d3 Nc6 5. g3 Nf6 6. Bg2 d5 7. exd5 exd5 8. Qe2+ Be7 9. 0-0 0-0 10. h3 h6 11. Qd1 Be6 12. Ne2 Bd6 13. Bf4 Re8 14. Bxd6 Qxd6 15. Nf4 Bf5 16. Kh2 Re7 17. Re1 Rae8 18. Qd2 Ne5 19. Nxe5 Rxe5 20. Re3 Rxe3 21. fxe3 g5 22. Nxd5 Nxd5 23. e4 Be6 24. exd5 Bxd5 25. Re1 Rxe1 26. Qxe1 Bxg2 27. Kxg2 Qd5+ 28. Qe4 Qxe4+ 29. dxe4 Kg7 30. Kf3 Kf6 31. a3 Ke5 32. Ke3 b6 33. b3 Ke6 34. Ke2 Ke5 35. Ke3 Ke6 1/2-1/2

[Event "COL-chT Blitz (Women)"]
[Site "Santa Marta"]
[Date "2022.11.07"]
[Round "9.3"]
[White "Mateus, Martha"]
[Black "Varela Garcia, Maria de los Angele"]
[Result "1-0"]
[WhiteElo "1912"]
[BlackElo "1785"]
[PlyCount "46"]
[EventDate "2022.11.07"]
[EventType "team-swiss"]
[EventRounds "9"]
[EventCountry "COL"]
[SourceTitle "CBM 211 Extra"]
[Source "ChessBase"]
[SourceDate "2023.01.31"]
[SourceVersion "1"]
[SourceVersionDate "2023.01.31"]
[SourceQuality "1"]
[WhiteTeam "Valle (W)"]
[BlackTeam "Antioquia (W) II"]
[WhiteTeamCountry "COL"]
[BlackTeamCountry "COL"]

1. e4 c5 2. c3 d5 3. exd5 Qxd5 4. d4 Nc6 5. Nf3 Bf5 6. Na3 0-0-0 7. Bc4 Qe4+ 8. Be3 cxd4 9. cxd4 e6 10. 0-0 Kb8 11. Ng5 Qh4 12. Nxf7 Bd6 13. g3 Qh3 14. Ng5 Qh6 15. Nxe6 Qh3 16. Ng5 Qh6 17. Nf7 Qh3 18. Nxd6 Rxd6 19. Bf4 Kc7 20. Nb5+ Kd7 21. Nxd6 Bg4 22. f3 Bh5 23. Nf7 Bxf7 1-0

[Event "COL-chT (Women)"]
[Site "Santa Marta"]
[Date "2022.11.04"]
[Round "5.3"]
[White "Perez Valcarcel, Maria Jose"]
[Black "Varela Garcia, Maria de los Angele"]
[Result "0-1"]
[WhiteElo "1536"]
[BlackElo "1778"]
[PlyCount "30"]
[EventDate "2022.11.02"]
[EventType "team-swiss"]
[EventRounds "7"]
[EventCountry "COL"]
[SourceTitle "CBM 211 Extra"]
[Source "ChessBase"]
[SourceDate "2023.01.31"]
[SourceVersion "1"]
[SourceVersionDate "2023.01.31"]
[SourceQuality "1"]
[WhiteTeam "Caqueta (W)"]
[BlackTeam "Antioquia (W) II"]
[WhiteTeamCountry "COL"]
[BlackTeamCountry "COL"]

1. e4 c5 2. Nf3 e6 3. d4 cxd4 4. Nxd4 a6 5. Nc3 Qc7 6. Be3 Bb4 7. Bd2 Nf6 8. Bd3 d6 9. 0-0 Bc5 10. Nb3 Ba7 11. Kh1 b5 12. f4 Bb7 13. Qe2 Nbd7 14. e5 dxe5 15. fxe5 Qxe5 0-1

[Event "Medellin IRT de Segunda Antioquia"]
[Site "Medellin"]
[Date "2019.05.25"]
[Round "5.2"]
[White "Uribe Valencia, Victor Alexis"]
[Black "Varela Garcia, Maria de los Angele"]
[Result "1/2-1/2"]
[WhiteElo "1862"]
[BlackElo "1764"]
[PlyCount "97"]
[EventDate "2019.05.22"]
[EventType "swiss"]
[EventRounds "7"]
[EventCountry "COL"]
[SourceTitle "EXT 2024"]
[Source "ChessBase"]
[SourceDate "2023.10.10"]
[SourceVersion "1"]
[SourceVersionDate "2023.10.10"]
[SourceQuality "1"]

1. e4 c5 2. Nf3 e6 3. d4 cxd4 4. Nxd4 a6 5. c4 Nf6 6. Bd3 Nc6 7. Nxc6 dxc6 8. 0-0 e5 9. Nc3 Be7 10. Qe2 0-0 11. Bg5 Bg4 12. Qc2 Nh5 13. Bxe7 Qxe7 14. Be2 Qg5 15. Bxg4 Qxg4 16. Qe2 Qg6 17. g3 Rad8 18. Kh1 Rd4 19. Rad1 Rfd8 20. Rfe1 Nf6 21. f3 Qh6 22. Nb1 Nh5 23. Kg2 Qg6 24. Kh1 h6 25. Na3 Qe6 26. b3 Qh3 27. Kg1 Nxg3 28. hxg3 Qxg3+ 29. Kh1 Qh3+ 30. Kg1 R8d6 31. Kf2 Rxd1 32. Rxd1 Qh2+ 33. Ke3 Qf4+ 34. Kf2 Rxd1 35. Qxd1 Qh2+ 36. Ke3 Qxa2 37. Nb1 Qa5 38. Ke2 Qa2+ 39. Nd2 Qb2 40. Qb1 Qd4 41. Qd3 Qg1 42. Qd8+ Kh7 43. Qd7 Qg6 44. Qxb7 h5 45. Qd7 Qg2+ 46. Kd3 h4 47. Qxf7 h3 48. Qh5+ Kg8 49. Qe8+ 1/2-1/2

[Event "Malambo Semifinal 1 Cat U16 Girls"]
[Site "Malambo"]
[Date "2017.03.04"]
[Round "5.4"]
[White "Varela Garcia, Maria de los Angele"]
[Black "Ruiz Jaraba, Valentina Sofia"]
[Result "1-0"]
[WhiteElo "1782"]
[BlackElo "1317"]
[PlyCount "23"]
[EventDate "2017.03.02"]
[EventType "swiss"]
[EventRounds "5"]
[EventCountry "COL"]
[SourceTitle "EXT 2024"]
[Source "ChessBase"]
[SourceDate "2023.10.10"]
[SourceVersion "1"]
[SourceVersionDate "2023.10.10"]
[SourceQuality "1"]

1. e4 c5 2. c3 d6 3. d4 Nc6 4. Nf3 Bg4 5. Bc4 Nf6 6. Qb3 d5 7. exd5 Na5 8. Qa4+ Bd7 9. Bb5 cxd4 10. Ne5 b6 11. Bf4 Nb7 12. Bc6 1-0

[Event "Malambo Semifinal 1 Cat U16 Girls"]
[Site "Malambo"]
[Date "2017.03.02"]
[Round "1.1"]
[White "Varela Garcia, Maria de los Angele"]
[Black "Tovar Meza, Lina"]
[Result "1-0"]
[WhiteElo "1782"]
[BlackElo "1338"]
[PlyCount "39"]
[EventDate "2017.03.02"]
[EventType "swiss"]
[EventRounds "5"]
[EventCountry "COL"]
[SourceTitle "EXT 2024"]
[Source "ChessBase"]
[SourceDate "2023.10.10"]
[SourceVersion "1"]
[SourceVersionDate "2023.10.10"]
[SourceQuality "1"]

1. e4 c5 2. c3 d6 3. d4 cxd4 4. cxd4 Nf6 5. Nc3 e6 6. Nf3 Nbd7 7. h3 a6 8. e5 dxe5 9. dxe5 Ng8 10. Bd3 g6 11. 0-0 Bg7 12. Re1 Ne7 13. Bg5 h6 14. Bh4 0-0 15. Bc2 Qe8 16. Qe2 Nc6 17. Bg3 b5 18. Rad1 Ra7 19. h4 h5 20. a4 1-0

[Event "COL-ch U18 sf1 Girls"]
[Site "Medellin"]
[Date "2016.04.22"]
[Round "3.3"]
[White "Henao Ortiz, Carolina"]
[Black "Varela Garcia, Maria de los Angele"]
[Result "1-0"]
[WhiteElo "1620"]
[BlackElo "1632"]
[PlyCount "34"]
[EventDate "2016.04.21"]
[EventType "swiss"]
[EventRounds "5"]
[EventCountry "COL"]
[SourceTitle "EXT 2024"]
[Source "ChessBase"]
[SourceDate "2023.10.10"]
[SourceVersion "1"]
[SourceVersionDate "2023.10.10"]
[SourceQuality "1"]

1. Nf3 c5 2. c4 Nf6 3. d4 cxd4 4. Nxd4 d6 5. Nc3 Nbd7 6. g3 g6 7. Bg2 Bg7 8. 0-0 0-0 9. b3 Nb6 10. e4 e6 11. Ndb5 Ne8 12. Bb2 a6 13. Na3 Nc7 14. Qd2 d5 15. exd5 exd5 16. c5 Nd7 17. b4 Ne5 1-0

[Event "COL-ch Superate A (Women)"]
[Site "Colombia"]
[Date "2015.10.19"]
[Round "6.1"]
[White "Varela Garcia, Maria de los Angele"]
[Black "Diaz, Luisa Fernanda"]
[Result "1/2-1/2"]
[WhiteElo "1680"]
[BlackElo "1330"]
[PlyCount "29"]
[EventDate "2015.10.19"]
[EventType "swiss (rapid)"]
[EventRounds "6"]
[EventCountry "COL"]
[SourceTitle "EXT 2024"]
[Source "ChessBase"]
[SourceDate "2023.10.10"]
[SourceVersion "1"]
[SourceVersionDate "2023.10.10"]
[SourceQuality "1"]

1. e4 c5 2. c3 Nf6 3. e5 Nd5 4. d4 cxd4 5. cxd4 e6 6. Nc3 a6 7. Nxd5 exd5 8. Nf3 Qc7 9. Bf4 d6 10. Rc1 Nc6 11. exd6 Bxd6 12. Qe2+ Be6 13. g3 Bxf4 14. gxf4 Qxf4 15. Qd1 1/2-1/2

[Event "Bogota Superate Cat A Girls"]
[Site "Bogota"]
[Date "2015.10.18"]
[Round "5.1"]
[White "Fraile Vela, Maria Isabel"]
[Black "Varela Garcia, Maria de los Angele"]
[Result "0-1"]
[WhiteElo "1665"]
[BlackElo "1624"]
[PlyCount "56"]
[EventDate "2015.10.16"]
[EventType "swiss"]
[EventRounds "5"]
[EventCountry "COL"]
[SourceTitle "EXT 2024"]
[Source "ChessBase"]
[SourceDate "2023.10.10"]
[SourceVersion "1"]
[SourceVersionDate "2023.10.10"]
[SourceQuality "1"]

1. e4 c5 2. Nf3 Nc6 3. d4 cxd4 4. Nxd4 e5 5. Nb5 a6 6. Nd6+ Bxd6 7. Qxd6 Qf6 8. Qd1 Qg6 9. Nc3 Nge7 10. h4 h5 11. Bg5 d5 12. exd5 Nb4 13. Bxe7 Kxe7 14. Rc1 Bf5 15. d6+ Qxd6 16. Qxd6+ Kxd6 17. Kd2 Rhd8 18. Bd3 Kc6 19. a3 Nxd3 20. cxd3 Rxd3+ 21. Ke2 Rad8 22. Nb1+ Kb6 23. Rhe1 Rb3 24. Kf1 Rxb2 25. Nc3 Ka7 26. Rxe5 Bg6 27. Nd5 f6 28. Ne7 Bd3+ 0-1

[Event "COL-ch Superate A (Women)"]
[Site "Colombia"]
[Date "2015.10.18"]
[Round "9.1"]
[White "Jaraba Andrade, Aura"]
[Black "Varela Garcia, Maria de los Angele"]
[Result "0-1"]
[WhiteElo "1569"]
[BlackElo "1592"]
[PlyCount "89"]
[EventDate "2015.10.18"]
[EventType "swiss (blitz)"]
[EventRounds "12"]
[EventCountry "COL"]
[SourceTitle "EXT 2024"]
[Source "ChessBase"]
[SourceDate "2023.10.10"]
[SourceVersion "1"]
[SourceVersionDate "2023.10.10"]
[SourceQuality "1"]

1. e4 c5 2. Nf3 Nc6 3. d4 cxd4 4. Nxd4 e5 5. Nf3 Nf6 6. Nc3 Bb4 7. Bd3 d5 8. exd5 Nxd5 9. Bd2 Nxc3 10. Bxc3 Bxc3+ 11. bxc3 0-0 12. 0-0 Re8 13. Qd2 e4 14. Rad1 exf3 15. gxf3 Bh3 16. Rfe1 Qf6 17. Rxe8+ Rxe8 18. f4 Ne7 19. Qe3 Qh4 20. Be2 Rf8 21. Qg3 Qxg3+ 22. fxg3 Bf5 23. Bd3 Rd8 24. Kf2 Bxd3 25. cxd3 Nd5 26. c4 Nc3 27. Re1 h6 28. Re7 Rb8 29. a3 b5 30. Rxa7 bxc4 31. dxc4 Rc8 32. a4 Rxc4 33. a5 Kh7 34. a6 Ra4 35. Ra8 Ne4+ 36. Ke3 Nc5 37. a7 Ne6 38. f5 Nc7 39. Rd8 Rxa7 40. Rd3 Nb5 41. Rb3 Ra3 42. Rxa3 Nxa3 43. Ke4 Nc4 44. Kd4 Ne3 45. Kxe3 0-1

[Event "Bogota Superate Cat A Girls"]
[Site "Bogota"]
[Date "2015.10.17"]
[Round "3.4"]
[White "Cayon, Laura Valentina"]
[Black "Varela Garcia, Maria de los Angele"]
[Result "0-1"]
[WhiteElo "1600"]
[BlackElo "1624"]
[PlyCount "106"]
[EventDate "2015.10.16"]
[EventType "swiss"]
[EventRounds "5"]
[EventCountry "COL"]
[SourceTitle "EXT 2024"]
[Source "ChessBase"]
[SourceDate "2023.10.10"]
[SourceVersion "1"]
[SourceVersionDate "2023.10.10"]
[SourceQuality "1"]

1. Nf3 d5 2. g3 c6 3. Bg2 Bg4 4. d3 Nf6 5. Nbd2 e6 6. 0-0 Bd6 7. Re1 Qc7 8. e4 Nbd7 9. Nf1 0-0 10. Qe2 Ne5 11. N1d2 Rfe8 12. d4 Nxf3+ 13. Bxf3 Bxf3 14. Qxf3 e5 15. c3 exd4 16. cxd4 Bb4 17. e5 Ne4 18. Qd3 Qd7 19. f3 Ng5 20. Qe3 Qf5 21. f4 Ne4 22. Nxe4 dxe4 23. Qxe4 Qe6 24. Rd1 Rad8 25. Be3 Qc4 26. a3 Ba5 27. Rac1 Qb3 28. Rc2 Rd5 29. Qd3 Qb6 30. b4 Bxb4 31. axb4 Qxb4 32. Rc5 Rd7 33. Rb1 Qxc5 34. Rxb7 Qe7 35. Rb1 Rb7 36. Rc1 Qd7 37. Qc4 Rb6 38. Qc3 Qd5 39. Ra1 Ra8 40. Ra5 Qb3 41. Qxb3 Rxb3 42. Bf2 Rb5 43. Ra6 Rb6 44. Ra4 a5 45. Kg2 Rb4 46. Ra2 a4 47. Kh3 a3 48. d5 Rb2 49. Ra1 Rxf2 50. d6 Rd2 51. f5 Rd5 52. e6 fxe6 53. fxe6 Rxd6 0-1

[Event "Bogota Superate Cat A Girls"]
[Site "Bogota"]
[Date "2015.10.16"]
[Round "1.2"]
[White "Papamija, Ingrid"]
[Black "Varela Garcia, Maria de los Angele"]
[Result "0-1"]
[WhiteElo "1487"]
[BlackElo "1624"]
[PlyCount "66"]
[EventDate "2015.10.16"]
[EventType "swiss"]
[EventRounds "5"]
[EventCountry "COL"]
[SourceTitle "EXT 2024"]
[Source "ChessBase"]
[SourceDate "2023.10.10"]
[SourceVersion "1"]
[SourceVersionDate "2023.10.10"]
[SourceQuality "1"]

1. e3 e5 2. Nf3 Nc6 3. d4 e4 4. Ne5 Nxe5 5. dxe5 d6 6. Nc3 Bf5 7. exd6 Qxd6 8. Qxd6 Bxd6 9. Bc4 Nf6 10. 0-0 0-0 11. Bd2 Rfd8 12. Rad1 c6 13. Be2 Ng4 14. g3 Ne5 15. a3 Bh3 16. Rfe1 Bc7 17. Nxe4 Bf5 18. Ng5 Bxc2 19. Rc1 Rxd2 20. f4 Bb6 21. fxe5 Bxe3+ 22. Kf1 Bxg5 23. Bf3 Rxh2 24. Ra1 Rd8 25. Be2 Bd2 26. Kg1 Rh6 27. Rf1 Be4 28. Bf3 Be3+ 29. Kg2 Rd2+ 30. Rf2 Rxf2+ 31. Kg1 Rxf3+ 32. Kg2 Rf2+ 33. Kg1 Rh1# 0-1

[Event "Bogota Superate Intercol Adv (Women)"]
[Site "Bogota"]
[Date "2014.10.24"]
[Round "8.6"]
[White "Alvarez, Sandra Carolina"]
[Black "Varela Garcia, Maria de los Angele"]
[Result "0-1"]
[WhiteElo "1564"]
[BlackElo "1654"]
[PlyCount "62"]
[EventDate "2014.10.24"]
[EventType "swiss (blitz)"]
[EventRounds "8"]
[EventCountry "COL"]
[SourceTitle "EXT 2024"]
[Source "ChessBase"]
[SourceDate "2023.10.10"]
[SourceVersion "1"]
[SourceVersionDate "2023.10.10"]
[SourceQuality "1"]

1. d4 Nf6 2. Nc3 d6 3. e4 Nbd7 4. Nf3 e5 5. d5 c6 6. dxc6 bxc6 7. Bc4 Be7 8. Ng5 0-0 9. 0-0 h6 10. Nf3 Nb6 11. Bb3 Bg4 12. h3 Bh5 13. Qd3 d5 14. exd5 cxd5 15. Rd1 e4 16. Qe3 exf3 17. gxf3 Rc8 18. f4 Bxd1 19. Qg3 Ne4 20. Nxe4 dxe4 21. f5 Bh4 22. Bxf7+ Rxf7 23. Qg6 Rf6 24. Qg2 Bxc2 25. Bf4 Nd5 26. Be5 Bd3 27. Rd1 Qe7 28. Kh2 Qxe5+ 29. Kg1 e3 30. Rxd3 exf2+ 31. Kf1 Qe1# 0-1

[Event "Bogota Superate Intercol Adv (Women)"]
[Site "Bogota"]
[Date "2014.10.24"]
[Round "2.6"]
[White "Varela Garcia, Maria de los Angele"]
[Black "Camacho Calderon, Katherine"]
[Result "1-0"]
[WhiteElo "1654"]
[BlackElo "1610"]
[PlyCount "31"]
[EventDate "2014.10.24"]
[EventType "swiss (blitz)"]
[EventRounds "8"]
[EventCountry "COL"]
[SourceTitle "EXT 2024"]
[Source "ChessBase"]
[SourceDate "2023.10.10"]
[SourceVersion "1"]
[SourceVersionDate "2023.10.10"]
[SourceQuality "1"]

1. e4 e5 2. Nf3 Nc6 3. Bc4 Bc5 4. c3 a6 5. d4 exd4 6. cxd4 Ba7 7. Qb3 h6 8. Bxf7+ Kf8 9. Bh5 Qe7 10. 0-0 Nxd4 11. Nxd4 Bxd4 12. Qf3+ Bf6 13. Nc3 c6 14. Bf4 d6 15. Rad1 Be5 16. Bxe5+ 1-0

[Event "Bogota Superate Intercol Adv (Women)"]
[Site "Bogota"]
[Date "2014.10.23"]
[Round "1.8"]
[White "Riveros, Maria Fernanda"]
[Black "Varela Garcia, Maria de los Angele"]
[Result "0-1"]
[WhiteElo "1442"]
[BlackElo "1652"]
[PlyCount "104"]
[EventDate "2014.10.23"]
[EventType "swiss (rapid)"]
[EventRounds "6"]
[EventCountry "COL"]
[SourceTitle "EXT 2024"]
[Source "ChessBase"]
[SourceDate "2023.10.10"]
[SourceVersion "1"]
[SourceVersionDate "2023.10.10"]
[SourceQuality "1"]

1. e4 c5 2. Nf3 Nc6 3. d4 cxd4 4. Nxd4 e5 5. Nb3 Nf6 6. Nc3 Bb4 7. Bd3 d5 8. exd5 Bxc3+ 9. bxc3 Nxd5 10. Bd2 0-0 11. 0-0 Re8 12. Re1 Nf6 13. f3 Be6 14. Bg5 h6 15. Bh4 Rc8 16. Be4 Qb6+ 17. Kh1 Nxe4 18. Rxe4 Bf5 19. Re2 Na5 20. Qe1 Qc7 21. Bg3 f6 22. c4 Nxc4 23. Rc1 Nd6 24. Qd2 Red8 25. Na1 Qc3 26. Qxc3 Rxc3 27. Bf2 a6 28. h3 Rdc8 29. Bb6 R3c6 30. Ba5 Nb5 31. Rd2 Re8 32. c4 b6 33. Bxb6 Rxb6 34. cxb5 Rxb5 35. Nb3 Be6 36. Rc3 Bxb3 37. Rxb3 Rxb3 38. axb3 Rb8 39. Rb2 a5 40. Ra2 Ra8 41. b4 a4 42. b5 Kf7 43. b6 Rb8 44. Rxa4 Rxb6 45. Kg1 Kg6 46. Kf2 f5 47. Ke3 Rb3+ 48. Kf2 Rb2+ 49. Kg3 f4+ 50. Kh2 Kf5 51. h4 g5 52. hxg5 hxg5 0-1

[Event "Bogota Superate Intercol (Women)"]
[Site "Bogota"]
[Date "2014.10.21"]
[Round "1.8"]
[White "Tovar Meza, Lina"]
[Black "Varela Garcia, Maria de los Angele"]
[Result "0-1"]
[WhiteElo "1425"]
[BlackElo "1652"]
[PlyCount "36"]
[EventDate "2014.10.21"]
[EventType "swiss"]
[EventRounds "5"]
[EventCountry "COL"]
[SourceTitle "EXT 2024"]
[Source "ChessBase"]
[SourceDate "2023.10.10"]
[SourceVersion "1"]
[SourceVersionDate "2023.10.10"]
[SourceQuality "1"]

1. e4 c5 2. Nf3 Nc6 3. d4 cxd4 4. Nxd4 e5 5. Nf3 Nf6 6. Nc3 Bb4 7. a3 Bxc3+ 8. bxc3 Nxe4 9. Bb2 Qb6 10. Qc1 Qxf2+ 11. Kd1 Qc5 12. Ke1 Nxc3 13. Qg5 0-0 14. Qd2 Ne4 15. Qe2 Qa5+ 16. Kd1 Nc3+ 17. Bxc3 Qxc3 18. Ra2 d6 0-1